000 00647nam a22002417a 4500
003 UA-OsUOA
001 100640
007 ta
008 20130529b un ||||| |||| 00| 0 ukr d
100 _aХемингуэй Э.
090 _a821.111(73)
_bХ37
942 _cBK
040 _aUA-OsUOA
_brus
_cUA-OsUOA
_dUA-OsUOA
245 _aОстрова в океане
_bроман
300 _a444 с.
_bІлюстрації
955 _a3
041 _arus
080 _a821.111(73)
260 _aМ.
_bПрогресс
_c1971
044 _aRU
650 7 _a82 Література. Літературознавство
_2UDC
999 _c386797
_d386797